[Event "Chess24 Banter QualF 2020"]
[Site "chess24.com INT"]
[Date "2020.09.14"]
[Round "2.1"]
[White "Oparin, Grigoriy"]
[Black "Abdusattorov, Nodirbek"]
[Result "1-0"]
[WhiteTitle "GM"]
[BlackTitle "GM"]
[WhiteElo "2652"]
[BlackElo "2627"]
[WhiteFideId "24125890"]
[BlackFideId "14204118"]
[EventDate "2020.09.13"]

1. g3 d5 2. Bg2 e5 3. c4 d4 4. d3 Nf6 5. Nf3 Nc6 6. O-O a5 7. Na3 Be7 8. e3 dxe3
9. Bxe3 O-O 10. Nb5 Bg4 11. h3 Bh5 12. g4 Bg6 13. d4 exd4 14. Nbxd4 Be4 15. Re1
Bb4 16. Re2 Nxd4 17. Bxd4 Re8 18. a3 Bf8 19. Bc3 Qd3 20. Qxd3 Bxd3 21. Rxe8 Rxe8
22. Bxa5 b6 23. Bd2 Bxc4 24. Rc1 b5 25. Bf4 Nd5 26. Bg3 Bd6 27. Bxd6 cxd6 28.
Nd4 Nf4 29. Rd1 Ne2+ 30. Nxe2 Rxe2 31. Rxd6 g6 32. b4 Ra2 33. Ra6 Bb3 34. Bc6
Bc4 35. Ra5 Kg7 36. Bxb5 Bxb5 37. Rxb5 Rxa3 38. Kg2 Rb3 39. h4 h6 40. f3 Kf6 41.
g5+ hxg5 42. hxg5+ Ke6 43. Kg3 Rb1 44. Kf4 Rb3 45. Rb6+ Ke7 46. Ke4 Kd7 47. b5
Rb1 48. f4 Re1+ 49. Kd3 Rd1+ 50. Kc2 Rd4 51. Rf6 Ke7 52. Kc3 Re4 53. b6 Re1 54.
Kc4 Rb1 55. Kc5 Rc1+ 56. Kb5 Rb1+ 57. Kc6 Rc1+ 58. Kb7 Rb1 59. Kc7 Rc1+ 60. Rc6
Rb1 61. b7 1-0

[Event "Chess24 Banter QualF 2020"]
[Site "chess24.com INT"]
[Date "2020.09.14"]
[Round "2.2"]
[White "Abdusattorov, Nodirbek"]
[Black "Oparin, Grigoriy"]
[Result "1-0"]
[WhiteTitle "GM"]
[BlackTitle "GM"]
[WhiteElo "2627"]
[BlackElo "2652"]
[WhiteFideId "14204118"]
[BlackFideId "24125890"]
[EventDate "2020.09.13"]

1. e4 e5 2. Nf3 Nc6 3. Bc4 Nf6 4. d3 Be7 5. O-O O-O 6. Re1 d6 7. c3 Na5 8. Bb5
a6 9. Ba4 b5 10. Bc2 c5 11. Nbd2 Nc6 12. Nf1 Be6 13. h3 h6 14. Ng3 Re8 15. Nh2
d5 16. Qf3 Qd7 17. Nhf1 d4 18. Bd2 c4 19. a4 cxd3 20. Bxd3 b4 21. c4 Na5 22. Nf5
Bxf5 23. exf5 Rac8 24. Rxe5 Nxc4 25. Bxc4 Rxc4 26. Rae1 d3 27. R1e3 Rd4 28. Ng3
Bd8 29. Rxe8+ Nxe8 30. Ne4 Nf6 31. Nc5 Qd6 32. Nxd3 Bb6 33. a5 Bxa5 34. Be1 Bc7
35. g3 a5 36. b3 Qd5 37. Qxd5 Rxd5 38. g4 Bb6 39. Rf3 Ne4 40. Kf1 h5 41. Nf4 Rd1
42. Ke2 Rb1 43. Nd5 Bd4 44. Rd3 Be5 45. f3 Rb2+ 46. Kf1 Ng3+ 47. Bxg3 Bxg3 48.
g5 Kf8 49. Nb6 Ke7 50. Nc4 Ra2 51. Nb6 h4 52. Nd5+ Ke8 53. f6 gxf6 54. gxf6 a4
55. Ne7 axb3 56. Rxb3 Ra8 57. Rxb4 Bd6 58. Rxh4 Ra1+ 59. Ke2 Be5 60. Nd5 Kd7 61.
Re4 Kd6 62. Ne3 Bxf6 63. h4 Ra2+ 64. Kd3 Ra3+ 65. Ke2 Ra2+ 66. Kf1 Kd7 67. Ng4
Bxh4 68. Ne5+ Ke6 69. Ng6+ Kf5 70. Nxh4+ Kg5 71. Ng2 f5 72. Rc4 Rb2 73. Kg1 Ra2
74. Kh2 Rf2 75. Kg3 Ra2 76. f4+ 1-0

[Event "Chess24 Banter QualF 2020"]
[Site "chess24.com INT"]
[Date "2020.09.14"]
[Round "2.3"]
[White "Oparin, Grigoriy"]
[Black "Abdusattorov, Nodirbek"]
[Result "1/2-1/2"]
[WhiteTitle "GM"]
[BlackTitle "GM"]
[WhiteElo "2652"]
[BlackElo "2627"]
[WhiteFideId "24125890"]
[BlackFideId "14204118"]
[EventDate "2020.09.13"]

1. Nf3 d5 2. g3 Nd7 3. Bg2 e5 4. O-O Ngf6 5. d4 e4 6. Ne5 Bd6 7. Nxd7 Bxd7 8. c4
c6 9. Bg5 Be6 10. Nc3 Be7 11. cxd5 cxd5 12. Qb3 Qd7 13. Rfc1 O-O 14. Qb5 Rfd8
15. Qxd7 Rxd7 16. Nb5 a6 17. Nc7 Rc8 18. Nxe6 Rxc1+ 19. Rxc1 fxe6 20. h4 Kf7 21.
Bh3 Ne8 22. Bf4 Bd6 23. Bd2 Rc7 24. Rxc7+ Bxc7 25. e3 Nd6 26. b3 h5 27. Kg2 Nf5
28. Bb4 g6 29. a4 Ke8 30. Kf1 Kd7 31. Ke2 Kc6 32. Bf8 b5 33. axb5+ axb5 34. Bb4
e5 35. dxe5 Bxe5 36. Bg2 Bc7 37. Kd2 Be5 38. Ke2 Bc7 39. Kd2 Be5 40. Ke2 1/2-1/2

[Event "Chess24 Banter QualF 2020"]
[Site "chess24.com INT"]
[Date "2020.09.14"]
[Round "2.4"]
[White "Abdusattorov, Nodirbek"]
[Black "Oparin, Grigoriy"]
[Result "1/2-1/2"]
[WhiteTitle "GM"]
[BlackTitle "GM"]
[WhiteElo "2627"]
[BlackElo "2652"]
[WhiteFideId "14204118"]
[BlackFideId "24125890"]
[EventDate "2020.09.13"]

1. e4 e5 2. Nf3 Nc6 3. d4 exd4 4. c3 Nf6 5. e5 Nd5 6. cxd4 Bb4+ 7. Bd2 Bxd2+ 8.
Qxd2 d6 9. Bb5 Bd7 10. O-O O-O 11. Nc3 Nxc3 12. Bxc6 Bxc6 13. Qxc3 Re8 14. Rfe1
Qd7 15. Rac1 Rac8 16. h3 Bd5 17. b3 h6 18. Re3 c5 19. Rce1 c4 20. Qa5 Bxf3 21.
Rxf3 dxe5 22. dxe5 b6 23. Qc3 cxb3 24. Qxb3 Rc5 25. Rfe3 Qe6 26. Qxe6 Rxe6 27.
f4 g6 28. Rd1 g5 29. fxg5 hxg5 30. Rd7 Rcxe5 31. Rxe5 Rxe5 32. Rxa7 1/2-1/2

[Event "Chess24 Banter QualF 2020"]
[Site "chess24.com INT"]
[Date "2020.09.14"]
[Round "2.5"]
[White "Oparin, Grigoriy"]
[Black "Abdusattorov, Nodirbek"]
[Result "1/2-1/2"]
[WhiteTitle "GM"]
[BlackTitle "GM"]
[WhiteElo "2652"]
[BlackElo "2627"]
[WhiteFideId "24125890"]
[BlackFideId "14204118"]
[EventDate "2020.09.13"]

1. b3 d5 2. Bb2 Nf6 3. e3 c6 4. f4 g6 5. Nf3 Bg7 6. d4 Bf5 7. Bd3 Nbd7 8. O-O
O-O 9. Nbd2 e6 10. Qe2 a5 11. a4 Re8 12. Ne5 c5 13. Bxf5 exf5 14. c4 Qb6 15.
Rac1 Rac8 16. Qd3 Qe6 17. Rfd1 b6 18. Ndf3 Ne4 19. Ba3 Ndf6 20. dxc5 dxc4 21.
Qxc4 Nxc5 22. Bxc5 Qxc4 23. Nxc4 Rxc5 24. Nfe5 Ne4 25. Nxb6 Rxc1 26. Rxc1 Bxe5
27. fxe5 Rxe5 28. Nc4 Rd5 29. h3 h5 30. Rf1 h4 31. Rc1 Kg7 32. Kf1 g5 33. Ke2 g4
34. Ra1 Ng5 35. b4 axb4 36. a5 Rc5 37. a6 Ne6 38. a7 Nc7 39. Nd6 Na8 40. Rb1 Ra5
41. hxg4 fxg4 42. Rxb4 Rxa7 43. Rxg4+ Kf6 44. Rxh4 Rd7 45. Ne4+ Kg7 46. Kf3 Nb6
47. Rg4+ Kf8 48. Nf6 Rd1 49. Rg8+ Ke7 50. Nh5 Nc4 51. Ng3 Rd2 52. Nf5+ Kf6 53.
g4 Ra2 54. Rb8 Ne5+ 55. Kf4 Rf2+ 56. Ke4 Nxg4 57. Rb6+ Kg5 58. Nd4 f5+ 59. Kd3
Ne5+ 60. Kc3 Ng4 61. Kd3 Ra2 62. Rb5 Nf2+ 63. Kc4 Ng4 64. Nxf5 Kf6 65. e4 Ra4+
66. Kd5 Kg5 67. Nd6 Kf4 68. Ke6 Ra6 69. Rf5+ Kg3 70. e5 Nxe5 71. Rxe5 Kf4 72.
Re4+ Kf3 73. Rb4 Ra5 74. Rb3+ Kf4 75. Rb4+ Kf3 76. Nc4 Rh5 77. Ne5+ Ke3 78. Kd5
Rh8 79. Rb3+ Ke2 80. Ke4 Rh4+ 81. Kd5 Rh8 82. Nc4 Rh5+ 83. Kd4 Rh4+ 84. Kc5 Rh5+
85. Kb4 Rh8 86. Re3+ Kf2 1/2-1/2

[Event "Chess24 Banter QualF 2020"]
[Site "chess24.com INT"]
[Date "2020.09.14"]
[Round "2.6"]
[White "Abdusattorov, Nodirbek"]
[Black "Oparin, Grigoriy"]
[Result "1/2-1/2"]
[WhiteTitle "GM"]
[BlackTitle "GM"]
[WhiteElo "2627"]
[BlackElo "2652"]
[WhiteFideId "14204118"]
[BlackFideId "24125890"]
[EventDate "2020.09.13"]

1. e4 e5 2. Nf3 Nc6 3. Bb5 a6 4. Ba4 Nf6 5. O-O Be7 6. Re1 b5 7. Bb3 d6 8. c3
O-O 9. d4 Bg4 10. d5 Na5 11. Bc2 Qc8 12. h3 Bd7 13. Nbd2 c6 14. dxc6 Qxc6 15.
Nf1 Rfc8 16. Ng3 Nc4 17. Nh4 g6 18. b3 Nb6 19. Bb2 a5 20. Nf3 a4 21. Qd2 a3 22.
Bc1 Qxc3 23. Qxc3 Rxc3 24. Bd1 Rcc8 25. Bd2 Bc6 26. Bb4 Nbd7 27. Rc1 Bf8 28. Bc2
d5 29. Bxf8 Kxf8 30. exd5 Bxd5 31. Nxe5 Nxe5 32. Rxe5 Rc7 33. Re2 Rac8 34. Nf1
Be6 35. Ne3 Ne4 36. Ra1 Nc3 37. Rd2 b4 38. Kf1 f5 39. Rd4 Rb8 40. Bd3 Rd7 41.
Rxd7 Bxd7 42. Nd1 Rc8 43. Nxc3 Rxc3 44. Ke2 f4 45. f3 Bc6 46. Kd2 Ke7 47. Re1+
Kd6 48. Be4 Bb5 49. Bb1 Bc6 50. Be4 Bd7 51. Bd3 Bc6 52. Be4 1/2-1/2

[Event "Chess24 Banter QualF 2020"]
[Site "chess24.com INT"]
[Date "2020.09.14"]
[Round "2.7"]
[White "Oparin, Grigoriy"]
[Black "Abdusattorov, Nodirbek"]
[Result "1/2-1/2"]
[WhiteTitle "GM"]
[BlackTitle "GM"]
[WhiteElo "2652"]
[BlackElo "2627"]
[WhiteFideId "24125890"]
[BlackFideId "14204118"]
[EventDate "2020.09.13"]

1. Nf3 d5 2. g3 Nd7 3. Bg2 e5 4. O-O Ngf6 5. d4 e4 6. Ne5 Bd6 7. Nxd7 Bxd7 8. c4
c6 9. Bg5 Be6 10. Qb3 Qb6 11. Qxb6 axb6 12. Bxf6 gxf6 13. cxd5 cxd5 14. Nc3 Ke7
15. e3 Rhc8 16. Rfc1 Bb4 17. Bf1 Bxc3 18. Rxc3 Rxc3 19. bxc3 Ra3 20. Rb1 Rxc3
21. Rxb6 Rc1 22. Rxb7+ Kf8 23. Kg2 Bg4 24. Bb5 Bf3+ 25. Kh3 Rc2 26. a4 Rxf2 27.
a5 h5 28. g4 Bxg4+ 29. Kg3 Rf3+ 30. Kg2 Bh3+ 31. Kg1 Rxe3 32. a6 Ra3 33. Kf2 e3+
34. Kg3 Bg4 35. a7 Kg7 36. Re7 e2+ 37. Kf2 Ra1 38. Bxe2 Ra2 39. Kg3 Bxe2 40.
Rxe2 Rxa7 41. Kf4 Ra4 42. Rg2+ Kh6 43. Kf5 Rxd4 44. Kxf6 Rg4 45. Rf2 Rg6+ 46.
Ke5 Kg7 47. Kxd5 Rg4 48. Ke5 h4 49. Kf5 Rg6 50. Ra2 Kh6 51. Ra8 Kg7 52. Ra4 h3
53. Rh4 Rh6 54. Rxh6 Kxh6 55. Kg4 Kg6 56. Kxh3 Kg5 57. Kg3 f5 58. h4+ Kh5 59.
Kf4 Kxh4 60. Kxf5 1/2-1/2

[Event "Chess24 Banter QualF 2020"]
[Site "chess24.com INT"]
[Date "2020.09.14"]
[Round "2.8"]
[White "Abdusattorov, Nodirbek"]
[Black "Oparin, Grigoriy"]
[Result "0-1"]
[WhiteTitle "GM"]
[BlackTitle "GM"]
[WhiteElo "2627"]
[BlackElo "2652"]
[WhiteFideId "14204118"]
[BlackFideId "24125890"]
[EventDate "2020.09.13"]

1. d4 Nf6 2. Nf3 e6 3. e3 b6 4. Bd3 Bb7 5. c3 c5 6. Nbd2 Be7 7. O-O O-O 8. Qe2
d5 9. Ne5 a5 10. f4 Ba6 11. a4 Qc7 12. Bxa6 Nxa6 13. Qd3 Nb8 14. b3 Rc8 15. Bb2
Nc6 16. Rac1 Bd6 17. Kh1 Qb7 18. c4 Nb4 19. Qe2 Rc7 20. f5 cxd4 21. exd4 Re8 22.
fxe6 Rxe6 23. Qf3 Ne4 24. Rcd1 Nxd2 25. Rxd2 h6 26. Ng4 Rce7 27. Bc3 Re4 28. Ne5
f6 29. Ng6 Re8 30. Qf5 Qc8 31. Qxc8 Rxc8 32. Bxb4 Bxb4 33. Rd3 dxc4 34. bxc4
Rxc4 35. d5 Rcd4 36. Rxd4 Rxd4 37. Nf4 Bd6 38. Ne6 Rxd5 39. g3 Kf7 40. Nd8+ Ke7
41. Nc6+ Kd7 42. Na7 Rd4 43. Nb5 Rd2 44. Rc1 Bc5 45. Re1 h5 46. Re4 g5 47. g4
hxg4 48. Rxg4 Rd1+ 49. Kg2 Rg1+ 50. Kf3 Rxg4 51. Kxg4 Ke6 52. Na7 Ke5 53. Nb5
Be7 54. h3 f5+ 55. Kf3 Kd5 56. Nc7+ Kc4 57. Ke3 Kb3 58. Nd5 Bc5+ 59. Kd3 Kxa4
60. Kc4 g4 61. hxg4 fxg4 62. Nf4 g3 63. Ng2 Bf2 64. Kc3 b5 65. Nf4 b4+ 66. Kc4
Ka3 67. Nd3 b3 68. Kc3 b2 69. Nxb2 Bd4+ 70. Kxd4 Kxb2 71. Ke3 a4 0-1

[Event "Chess24 Banter QualF 2020"]
[Site "chess24.com INT"]
[Date "2020.09.19"]
[Round "3.1"]
[White "Oparin, Grigoriy"]
[Black "Bok, Benjamin"]
[Result "1-0"]
[WhiteTitle "GM"]
[BlackTitle "GM"]
[WhiteElo "2652"]
[BlackElo "2624"]
[WhiteFideId "24125890"]
[BlackFideId "1017063"]
[EventDate "2020.09.13"]

1. d4 Nf6 2. c4 e6 3. Nc3 Bb4 4. e3 O-O 5. Ne2 d5 6. a3 Be7 7. cxd5 exd5 8. Nf4
c6 9. Bd3 Na6 10. O-O Nc7 11. Qc2 Ne6 12. Nxe6 Bxe6 13. Bd2 Re8 14. h3 Qd7 15.
f3 Bf8 16. Rae1 g6 17. Re2 Bg7 18. Be1 Rac8 19. Qd2 Bf5 20. e4 dxe4 21. fxe4 Be6
22. Bf2 Bb3 23. e5 Nd5 24. Ne4 Qe7 25. Nd6 Rcd8 26. Nxe8 Rxe8 27. Rfe1 Nc7 28.
Qf4 Bd5 29. Bh4 Qd7 30. Qf2 Ne6 31. Bf6 Bh6 32. Rd1 Nf4 33. Ree1 Nxh3+ 34. gxh3
Qxh3 35. Be4 Qg4+ 36. Bg2 Bxg2 37. Qxg2 Be3+ 38. Kf1 Qf4+ 39. Ke2 Bxd4 40. Qf3
Qh2+ 41. Kd3 Qxb2 42. Qe4 Qc3+ 43. Ke2 Bxe5 44. Rd3 Qc2+ 45. Kf3 Qh2 1-0

[Event "Chess24 Banter QualF 2020"]
[Site "chess24.com INT"]
[Date "2020.09.19"]
[Round "3.2"]
[White "Bok, Benjamin"]
[Black "Oparin, Grigoriy"]
[Result "1/2-1/2"]
[WhiteTitle "GM"]
[BlackTitle "GM"]
[WhiteElo "2624"]
[BlackElo "2652"]
[WhiteFideId "1017063"]
[BlackFideId "24125890"]
[EventDate "2020.09.13"]

1. c4 e6 2. Nc3 d5 3. d4 Be7 4. cxd5 exd5 5. Bf4 c6 6. e3 Bf5 7. g4 Be6 8. Qb3
b5 9. h3 Nd7 10. Nf3 a6 11. Rg1 Rc8 12. a4 b4 13. Nb1 Qa5 14. Qd3 Ra8 15. Nbd2
Ngf6 16. Nb3 Qd8 17. Rc1 Qb6 18. a5 Qb7 19. Ng5 O-O 20. Be2 Ne4 21. Nxe6 fxe6
22. g5 c5 23. dxc5 Ndxc5 24. Nxc5 Nxc5 25. Qd1 Rad8 26. Be5 Nd7 27. Rc7 Qa8 28.
Bh2 e5 29. Bg4 Nc5 30. Rxe7 e4 31. Be5 Rf7 32. Rxf7 Kxf7 33. Be2 Qc6 34. Qd4 Ne6
35. Qd2 Qa4 36. Kf1 Qxa5 37. Kg2 Nxg5 38. Kh1 Ne6 39. Bg4 g6 40. Rc1 Qb5 41.
Bxe6+ Kxe6 42. Bg3 d4 43. exd4 Qf5 44. Qf4 Qxf4 45. Bxf4 Rxd4 46. Rc6+ Kf5 47.
Be3 Rd1+ 48. Kg2 Rb1 49. Bd4 Rd1 50. Be3 Rb1 51. Rxa6 Rxb2 52. Ra7 h5 53. Rb7 b3
54. Rb6 Rb1 55. Kg3 Ke5 56. Kh4 b2 57. Rb4 Kd5 58. Bd4 Rf1 59. Bxb2 Rxf2 60. Bd4
Rd2 61. Ba7 Rd3 62. Rb1 Ke6 63. Re1 Kf5 64. Be3 Kf6 65. Kg3 g5 66. Kf2 Ra3 67.
Rd1 Ra2+ 68. Rd2 Rxd2+ 69. Bxd2 h4 70. Ke3 Kf5 71. Be1 g4 72. hxg4+ Kxg4 73.
Bxh4 Kxh4 74. Kxe4 1/2-1/2

[Event "Chess24 Banter QualF 2020"]
[Site "chess24.com INT"]
[Date "2020.09.19"]
[Round "3.3"]
[White "Oparin, Grigoriy"]
[Black "Bok, Benjamin"]
[Result "1/2-1/2"]
[WhiteTitle "GM"]
[BlackTitle "GM"]
[WhiteElo "2652"]
[BlackElo "2624"]
[WhiteFideId "24125890"]
[BlackFideId "1017063"]
[EventDate "2020.09.13"]

1. d4 d5 2. c4 c6 3. Nf3 Nf6 4. g3 dxc4 5. Bg2 g6 6. a4 Ne4 7. O-O Bg7 8. Qc2
Nd6 9. e4 Na6 10. Na3 Nb4 11. Qe2 Bg4 12. Rd1 O-O 13. Bd2 a5 14. Bc3 Qc7 15. h3
Bxf3 16. Bxf3 Rfd8 17. Nxc4 Nxc4 18. Qxc4 Qb6 19. Rac1 e6 20. h4 Rd7 21. Rb1
Rad8 22. Bxb4 Qxb4 23. Qxb4 axb4 24. d5 exd5 25. exd5 cxd5 26. Rd3 b6 27. Bd1
Bf8 28. Bb3 Kg7 29. Rbd1 d4 30. Kg2 Bc5 31. Rc1 Be7 32. Rc6 Rd6 33. Rc4 R6d7 34.
Rc6 Rd6 35. Rc4 R6d7 36. Rc6 1/2-1/2

[Event "Chess24 Banter QualF 2020"]
[Site "chess24.com INT"]
[Date "2020.09.19"]
[Round "3.4"]
[White "Bok, Benjamin"]
[Black "Oparin, Grigoriy"]
[Result "0-1"]
[WhiteTitle "GM"]
[BlackTitle "GM"]
[WhiteElo "2624"]
[BlackElo "2652"]
[WhiteFideId "1017063"]
[BlackFideId "24125890"]
[EventDate "2020.09.13"]

1. c4 Nf6 2. Nc3 c5 3. g3 e6 4. Nf3 b6 5. Bg2 Bb7 6. O-O Be7 7. d4 cxd4 8. Qxd4
O-O 9. Rd1 d6 10. Bg5 Nc6 11. Qf4 Qb8 12. Rac1 Rd8 13. b3 h6 14. Bxf6 Bxf6 15.
Ne4 Be7 16. Rc2 d5 17. cxd5 exd5 18. Qxb8 Raxb8 19. Nc3 Nb4 20. Rcd2 Rbc8 21.
Nb5 a6 22. Nbd4 Bf6 23. e3 Nc6 24. Nxc6 Rxc6 25. Ne1 Rcd6 26. Nd3 g5 27. Rc2 a5
28. Nc1 Ba6 29. Ne2 d4 30. Nxd4 Bxd4 31. exd4 Rxd4 32. Rxd4 Rxd4 33. Bf3 Rd6 34.
Be2 Bb7 35. Kf1 Kg7 36. Ke1 Be4 37. Rd2 Rc6 38. Bd3 Bf3 39. Rc2 Rd6 40. Kd2 Be4
41. Rc3 b5 42. b4 axb4 43. Rb3 Bd5 44. Rxb4 Bc4 0-1

[Event "Chess24 Banter QualF 2020"]
[Site "chess24.com INT"]
[Date "2020.09.19"]
[Round "3.5"]
[White "Oparin, Grigoriy"]
[Black "Bok, Benjamin"]
[Result "1-0"]
[WhiteTitle "GM"]
[BlackTitle "GM"]
[WhiteElo "2652"]
[BlackElo "2624"]
[WhiteFideId "24125890"]
[BlackFideId "1017063"]
[EventDate "2020.09.13"]

1. d4 Nf6 2. c4 e6 3. Nc3 Bb4 4. e3 O-O 5. Ne2 d5 6. a3 Be7 7. cxd5 exd5 8. Nf4
c6 9. Bd3 Na6 10. O-O Nc7 11. Bd2 Re8 12. b4 Ne6 13. Nxe6 Bxe6 14. b5 c5 15.
dxc5 Bxc5 16. Ne2 Ne4 17. Nf4 Nxd2 18. Qxd2 Bb6 19. a4 d4 20. Nxe6 Rxe6 21. e4
Ba5 22. Qe2 Rc8 23. f4 Rc3 24. Rad1 Bb6 25. Kh1 Re8 26. e5 Qe7 27. Rde1 Ra3 28.
Qe4 g6 29. f5 Qg5 30. e6 fxe6 31. fxe6 Re7 32. Qf3 1-0

[Event "Chess24 Banter QualF 2020"]
[Site "chess24.com INT"]
[Date "2020.09.19"]
[Round "3.6"]
[White "Bok, Benjamin"]
[Black "Oparin, Grigoriy"]
[Result "1-0"]
[WhiteTitle "GM"]
[BlackTitle "GM"]
[WhiteElo "2624"]
[BlackElo "2652"]
[WhiteFideId "1017063"]
[BlackFideId "24125890"]
[EventDate "2020.09.13"]

1. c4 Nf6 2. Nc3 c5 3. Nf3 e6 4. g3 b6 5. Bg2 Bb7 6. O-O Be7 7. d4 cxd4 8. Qxd4
O-O 9. Rd1 d6 10. b3 Qc8 11. Ba3 Rd8 12. Rac1 Na6 13. Qe3 Nc5 14. Nd4 a6 15. Bb2
Ncd7 16. Nf5 exf5 17. Bxb7 Qxb7 18. Qxe7 Re8 19. Qxd6 Nc5 20. Qf4 Qc8 21. e3 h6
22. Nd5 Nxd5 23. Rxd5 Re4 24. Qf3 Qe6 25. Rcd1 f4 26. exf4 Re8 27. f5 Re1+ 28.
Kg2 Qe2 29. Rxe1 Qxe1 30. Qg4 Qe4+ 31. Qxe4 Rxe4 32. Re5 Rxe5 33. Bxe5 Nd3 34.
Bd4 b5 35. cxb5 axb5 36. a4 1-0

[Event "Chess24 Banter QualF 2020"]
[Site "chess24.com INT"]
[Date "2020.09.19"]
[Round "3.7"]
[White "Oparin, Grigoriy"]
[Black "Bok, Benjamin"]
[Result "1-0"]
[WhiteTitle "GM"]
[BlackTitle "GM"]
[WhiteElo "2652"]
[BlackElo "2624"]
[WhiteFideId "24125890"]
[BlackFideId "1017063"]
[EventDate "2020.09.13"]

1. d4 g6 2. e4 Bg7 3. Nf3 d6 4. Bd3 Nf6 5. O-O O-O 6. Re1 c5 7. c3 Nc6 8. h3 a6
9. Be3 cxd4 10. cxd4 Nb4 11. Nc3 Nxd3 12. Qxd3 b5 13. d5 Bb7 14. Rac1 Rc8 15.
Bd4 Qa5 16. Nd2 Bh6 17. Nb3 Qd8 18. Be3 Bg7 19. Bd4 Re8 20. Rc2 Rc4 21. Rec1 Bh6
22. Be3 Bxe3 23. Qxe3 b4 24. Nd2 Rc8 25. Ne2 Nd7 26. Rxc8 Bxc8 27. Nd4 Qa5 28.
Qb3 Nc5 29. Qc4 Bd7 30. N2b3 Nxb3 31. axb3 Rc8 32. Nc6 Bxc6 33. dxc6 Rc7 34. h4
Qb5 35. Qc2 e6 36. g3 a5 37. Kg2 h5 38. Kg1 Kf8 39. Kg2 Kg8 40. Kg1 Kf8 41. Kg2
Qe5 42. Qc4 Qxb2 43. Rc2 Qe5 44. f4 Qa1 45. e5 Qd1 46. exd6 Qxd6 47. Kh2 Qd5 48.
Qa6 Qxb3 49. Rd2 Qc3 50. Qa8+ Kg7 51. Rd8 Rxc6 52. Rg8+ Kh7 53. Rf8 Rc7 54. Kh3
Qc1 55. Rh8+ Kg7 56. Qg8+ Kf6 57. Qd8+ Kf5 58. Qd3+ Kf6 59. Qd8+ Re7 60. Qd4+ e5
61. Qd6+ Re6 62. Qd8+ Kf5 63. Qd3+ 1-0